000 00637nam a22002417a 4500
003 UA-OsUOA
001 25760
007 ta
008 20040427b un ||||| |||| 00| 0 ukr d
090 _a354(4-11+5-191.2)
_bР17
942 _cBK
040 _aUA-OsUOA
_brus
_cUA-OsUOA
_dUA-OsUOA
245 _aРазработка новых правил игры в старых условиях
_cРед. И.Мунтян В.Поп
300 _a822 с.
955 _a0
041 _arus
080 _a354(4-11+5-191.2)
020 _a963-00-49902
260 _aБудапешт
_c2001
044 _aHU
650 7 _2UDC
999 _c312060
_d312060